000
00283nam a2200109Ia 4500
008
230907s9999||||xx |||||||||||||| ||und||
082
_a
629.8,THO
100
_a
Thomas, Mini S.,
_9
115264
245
0
_a
Power system SCADA and smart grids /
300
_a
xxii, 313 pages :
942
_c
BK
999
_c
597979
_d
597979